[Event "CHN-chT 4th"]
[Site "China"]
[Date "2008.12.08"]
[Round "16"]
[White "Malakhov, Vladimir"]
[Black "Qiao, Liang"]
[Result "1-0"]
[WhiteElo "2675"]
[BlackElo "2342"]
[PlyCount "77"]
[EventDate "2008.12.??"]
[EventType "team-tourn"]
[EventRounds "18"]
[EventCountry "CHN"]
[SourceTitle "EXT 2017"]
[Source "ChessBase"]
[SourceDate "2016.10.25"]
[SourceVersion "1"]
[SourceVersionDate "2016.10.25"]
[SourceQuality "1"]

1. c4 e5 2. Nc3 Nf6 3. Nf3 Nc6 4. g3 d5 5. cxd5 Nxd5 6. Bg2 Nb6 7. 0-0 Be7 8. a3 0-0 9. d3 Re8 10. b4 Bf8 11. Bb2 a5 12. b5 Nd4 13. Nd2 c6 14. bxc6 Nxc6 15. Rc1 Be6 16. Nce4 Bd5 17. Re1 Nd7 18. Qc2 a4 19. Nc4 Qb8 20. Qb1 Ra6 21. Ne3 Bb3 22. Nc4 b5 23. Ncd2 Bd5 24. Nc5 Nxc5 25. Bxd5 b4 26. Ne4 Nxe4 27. Rxc6 Nd2 28. Qc2 Rxc6 29. Qxc6 bxa3 30. Bc3 Nb3 31. Qxa4 Nc5 32. Qxa3 Nxd3 33. Bxf7+ Kxf7 34. Qa2+ Kf6 35. exd3 Bb4 36. Rb1 Bxc3 37. Rxb8 Rxb8 38. Qa6+ Kg5 39. h4+ 1-0

[Event "CHN-chT 3rd"]
[Site "China"]
[Date "2007.04.25"]
[Round "2"]
[White "Qiao, Liang"]
[Black "Li, Haoyu"]
[Result "1-0"]
[WhiteElo "2350"]
[BlackElo "2285"]
[PlyCount "135"]
[EventDate "2007.04.??"]
[EventType "team-tourn"]
[EventRounds "18"]
[EventCountry "CHN"]
[SourceTitle "EXT 2017"]
[Source "ChessBase"]
[SourceDate "2016.10.25"]
[SourceVersion "1"]
[SourceVersionDate "2016.10.25"]
[SourceQuality "1"]

1. e4 c5 2. Nf3 Nc6 3. Bb5 g6 4. 0-0 Bg7 5. c3 Nf6 6. Re1 0-0 7. h3 Ne8 8. Ba4 Nc7 9. d4 cxd4 10. cxd4 d5 11. e5 b5 12. Bc2 a5 13. Nc3 Ba6 14. Ne2 Qd7 15. Nf4 Nd8 16. Nd3 Nce6 17. b4 axb4 18. Nxb4 Nc6 19. Nxc6 Qxc6 20. Ba3 Qd7 21. Qd2 Rfc8 22. Bb3 h5 23. Bb4 Kh7 24. Ng5+ Nxg5 25. Qxg5 Ra7 26. Rad1 Bh6 27. Qh4 e6 28. g4 Qd8 29. Qg3 Bg5 30. Rf1 Be7 31. Bxe7 Qxe7 32. gxh5 b4 33. hxg6+ fxg6 34. Rfe1 Rc3 35. Re3 Rac7 36. Rde1 Qf7 37. Rxc3 Rxc3 38. Re3 Rc1+ 39. Kh2 Qf5 40. Rf3 Qe4 41. Bc2 Rxc2 42. Rf4 Rc7 43. Rxe4 dxe4 44. Qh4+ Kg7 45. Qf6+ Kh7 46. Qxe6 Bc4 47. Qb6 Rf7 48. Kg1 Bxa2 49. Qxb4 Be6 50. Qd6 Bc4 51. e6 Rg7 52. Qc5 Bxe6 53. Kg2 Bf5 54. h4 Rf7 55. Qe5 Rg7 56. Kg3 Rd7 57. h5 Rf7 58. hxg6+ Bxg6 59. d5 Kg8 60. d6 Bf5 61. Kf4 Bd7+ 62. Kxe4 Kh7 63. f4 Kg8 64. Qg5+ Kh7 65. Ke5 Kh8 66. f5 Kh7 67. f6 Kh8 68. Qg6 1-0

[Event "CHN-chT 2nd"]
[Site "China"]
[Date "2006.04.06"]
[Round "3"]
[White "Bu, Xiangzhi"]
[Black "Qiao, Liang"]
[Result "1/2-1/2"]
[WhiteElo "2640"]
[BlackElo "2350"]
[PlyCount "187"]
[EventDate "2006.04.04"]
[EventType "team-tourn"]
[EventRounds "18"]
[EventCountry "CHN"]
[SourceTitle "EXT 2017"]
[Source "ChessBase"]
[SourceDate "2016.10.25"]
[SourceVersion "1"]
[SourceVersionDate "2016.10.25"]
[SourceQuality "1"]
[WhiteTeam "Shandong"]
[BlackTeam "Chongqing"]
[WhiteTeamCountry "CHN"]
[BlackTeamCountry "CHN"]

1. d4 d5 2. Nf3 e6 3. c4 c5 4. cxd5 exd5 5. Nc3 Nc6 6. g3 Nf6 7. Bg2 Be7 8. 0-0 0-0 9. Bg5 cxd4 10. Nxd4 Qb6 11. Nb3 Be6 12. Bxf6 Bxf6 13. Nxd5 Bxd5 14. Qxd5 Bxb2 15. Rab1 Ba3 16. Nd2 Bb4 17. Qc4 Bxd2 18. Rxb6 axb6 19. Bxc6 bxc6 20. Qxc6 Rxa2 21. Qxb6 Bh6 22. e3 Raa8 23. Rd1 g6 24. h4 Bg7 25. h5 Rae8 26. Kg2 Rb8 27. Qa5 Ra8 28. Qd5 Rae8 29. hxg6 hxg6 30. Qg5 Re5 31. Qh4 Rh5 32. Qc4 Re5 33. Rd6 Kh7 34. Rd8 Rxd8 35. Qh4+ Kg8 36. Qxd8+ Bf8 37. g4 Re6 38. Kf3 Rd6 39. Qc7 Rf6+ 40. Ke2 Re6 41. f4 Re7 42. Qc6 Re6 43. Qc7 Re7 44. Qb8 f5 45. Qc8 fxg4 46. Qxg4 Kf7 47. Kf3 Re6 48. Qg5 Rf6 49. Qd5+ Kg7 50. Qd7+ Rf7 51. Qd6 Kh7 52. Qd5 Rf6 53. Qd4 Rf7 54. Kg4 Bh6 55. Qe5 Kg8 56. Qe6 Kg7 57. Kf3 Rf5 58. Qd6 Kh7 59. Qc7+ Kg8 60. Ke4 Kh8 61. Kd3 Kg8 62. Qc8+ Kh7 63. Qc7+ Kg8 64. Kc4 Kh8 65. Qe7 Kg8 66. Qh4 Kg7 67. Qh2 Kh7 68. e4 Rxf4 69. Kd5 Kg7 70. Qg1 Rf7 71. e5 Rf5 72. Ke4 Bg5 73. Qa7+ Kg8 74. e6 Kh8 75. Qb8+ Kg7 76. Qc7+ Kg8 77. Qc8+ Kg7 78. Qd7+ Kg8 79. e7 Bxe7 80. Qxe7 Kh8 81. Qh4+ Kg7 82. Qh2 Rh5 83. Qb2+ Kf7 84. Qb7+ Kf6 85. Qc6+ Kf7 86. Qc7+ Kf6 87. Qf4+ Kg7 88. Qc7+ Kf6 89. Qd7 Rf5 90. Qh7 Re5+ 91. Kf4 Rf5+ 92. Ke4 Re5+ 93. Kd4 Rf5 94. Ke4 1/2-1/2

[Event "CHN-chT 2nd"]
[Site "China"]
[Date "2006.04.05"]
[Round "2"]
[White "Zhou, Weiqi"]
[Black "Qiao, Liang"]
[Result "1/2-1/2"]
[WhiteElo "2433"]
[BlackElo "2350"]
[PlyCount "31"]
[EventDate "2006.04.04"]
[EventType "team-tourn"]
[EventRounds "18"]
[EventCountry "CHN"]
[SourceTitle "EXT 2017"]
[Source "ChessBase"]
[SourceDate "2016.10.25"]
[SourceVersion "1"]
[SourceVersionDate "2016.10.25"]
[SourceQuality "1"]
[WhiteTeam "Jiangsu"]
[BlackTeam "Chongqing"]
[WhiteTeamCountry "CHN"]
[BlackTeamCountry "CHN"]

1. e4 c5 2. Nf3 e6 3. d3 Nc6 4. g3 d5 5. Nbd2 Bd6 6. Bg2 Nge7 7. 0-0 0-0 8. Re1 Qc7 9. Qe2 f6 10. c3 d4 11. Nc4 e5 12. a4 Be6 13. Nxd6 Qxd6 14. c4 Rab8 15. Nh4 g5 16. Nf3 1/2-1/2

[Event "CHN-chT Torch Real Estate Cup"]
[Site "Wuxi"]
[Date "2005.05.11"]
[Round "10"]
[White "Zhang, Ziyang"]
[Black "Qiao, Liang"]
[Result "1/2-1/2"]
[WhiteElo "2209"]
[BlackElo "2350"]
[PlyCount "50"]
[EventDate "2005.05.08"]
[EventType "team-tourn"]
[EventRounds "13"]
[EventCountry "CHN"]
[SourceTitle "CBM 106 Extra"]
[Source "ChessBase"]
[SourceDate "2005.07.01"]
[SourceVersion "1"]
[SourceVersionDate "2005.07.01"]
[SourceQuality "1"]

1. d4 Nf6 2. c4 g6 3. f3 d5 4. cxd5 Nxd5 5. e4 Nb6 6. Nc3 Bg7 7. Be3 0-0 8. Qd2 Nc6 9. 0-0-0 f5 10. h4 fxe4 11. h5 gxh5 12. Rxh5 Bf5 13. Bh6 Bg6 14. Bxg7 Kxg7 15. Qh6+ Kg8 16. Rg5 Qe8 17. d5 Nd8 18. fxe4 Rf6 19. Qh2 Nf7 20. Rg3 c6 21. Nf3 cxd5 22. e5 Rc6 23. Bd3 Qf8 24. Bxg6 Rxg6 25. Rxg6+ hxg6 1/2-1/2

[Event "CHN-chT Torch Real Estate Cup"]
[Site "Wuxi"]
[Date "2005.05.10"]
[Round "9"]
[White "Qiao, Liang"]
[Black "Wu, Wenjin"]
[Result "1/2-1/2"]
[WhiteElo "2350"]
[BlackElo "2535"]
[PlyCount "38"]
[EventDate "2005.05.08"]
[EventType "team-tourn"]
[EventRounds "13"]
[EventCountry "CHN"]
[SourceTitle "CBM 106 Extra"]
[Source "ChessBase"]
[SourceDate "2005.07.01"]
[SourceVersion "1"]
[SourceVersionDate "2005.07.01"]
[SourceQuality "1"]

1. e4 e5 2. Nf3 Nc6 3. Bb5 Nf6 4. d3 d6 5. c3 Bd7 6. 0-0 g6 7. Re1 Bg7 8. Nbd2 0-0 9. Nf1 Qe8 10. Ng3 Kh8 11. Ba4 Ng8 12. Bc2 Nge7 13. d4 Bg4 14. d5 Nd8 15. c4 Bd7 16. Rb1 a5 17. b3 b6 18. a3 f5 19. exf5 gxf5 1/2-1/2

[Event "CHN-chT Torch Real Estate Cup"]
[Site "Wuxi"]
[Date "2005.05.09"]
[Round "8"]
[White "Li, Bo"]
[Black "Qiao, Liang"]
[Result "1/2-1/2"]
[WhiteElo "2319"]
[BlackElo "2350"]
[PlyCount "132"]
[EventDate "2005.05.08"]
[EventType "team-tourn"]
[EventRounds "13"]
[EventCountry "CHN"]
[SourceTitle "CBM 106 Extra"]
[Source "ChessBase"]
[SourceDate "2005.07.01"]
[SourceVersion "1"]
[SourceVersionDate "2005.07.01"]
[SourceQuality "1"]

1. d4 c5 2. c3 e6 3. Nf3 Nc6 4. e4 d5 5. exd5 exd5 6. Be3 c4 7. b3 cxb3 8. axb3 Bd6 9. Bd3 Nge7 10. Qc2 h6 11. b4 0-0 12. Nbd2 f5 13. Nb3 Ng6 14. 0-0 Qf6 15. Nc5 b6 16. Bb5 Nge7 17. Nd3 f4 18. Bc1 Bf5 19. Qe2 Bg4 20. h3 Bh5 21. Re1 Kh8 22. Qe6 Bxf3 23. gxf3 Rad8 24. Qxf6 Rxf6 25. Bd2 a5 26. bxa5 Nxa5 27. Bxf4 Bxf4 28. Rxe7 Rc8 29. Nxf4 Rxf4 30. Re3 Rf7 31. Rae1 g5 32. Re6 Rxc3 33. Rxh6+ Kg7 34. Rxb6 Nc4 35. Bxc4 Rxc4 36. Re5 Rxd4 37. Rxg5+ Kh7 38. Kg2 Rd7 39. Rbg6 Rh4 40. Kg3 Rh6 41. Rxh6+ Kxh6 42. Re5 d4 43. Kf4 d3 44. Re1 Kh5 45. Rd1 Kh4 46. Ke3 Kxh3 47. Rxd3 Re7+ 48. Kf4 Kh4 49. Rd6 Rf7+ 50. Ke4 Kg5 51. Rd5+ Kg6 52. f4 Re7+ 53. Re5 Ra7 54. f5+ Kf6 55. Re6+ Kf7 56. Rb6 Ra4+ 57. Ke5 Ra5+ 58. Kf4 Ra1 59. f3 Rc1 60. Rh6 Ra1 61. Rb6 Rc1 62. f6 Rc5 63. Ke4 Ra5 64. f4 Rc5 65. Rd6 Ra5 66. f5 Ra1 1/2-1/2

[Event "CHN-chT"]
[Site "Suzhou"]
[Date "2001.03.29"]
[Round "4"]
[White "Qiao, Liang"]
[Black "Bu, Xiangzhi"]
[Result "0-1"]
[WhiteElo "2376"]
[BlackElo "2558"]
[PlyCount "86"]
[EventDate "2001.03.02"]
[EventType "team-tourn"]
[EventRounds "10"]
[EventCountry "CHN"]
[SourceTitle "EXT 2002"]
[Source "ChessBase"]
[SourceDate "2001.11.25"]
[SourceVersion "1"]
[SourceVersionDate "2001.11.25"]
[SourceQuality "1"]

1. e4 c5 2. Nf3 Nc6 3. d4 cxd4 4. Nxd4 Nf6 5. Nc3 d6 6. Bc4 Qb6 7. Nb3 e6 8. Bg5 a6 9. Bxf6 gxf6 10. Be2 Qc7 11. 0-0 b5 12. Bh5 Bb7 13. Qg4 0-0-0 14. Qh3 Kb8 15. f4 Rg8 16. Rf2 b4 17. Ne2 a5 18. a4 bxa3 19. bxa3 a4 20. Nd2 d5 21. Kh1 dxe4 22. Nxe4 f5 23. N4g3 Rd2 24. Rff1 Ka8 25. Bf3 Rg6 26. Rab1 Rh6 27. Nh5 Bxa3 28. Ra1 Qd6 29. Qg3 Rg6 30. Qe1 Rxc2 31. Nhg3 Kb8 32. Qb1 Rb2 33. Qc1 Rb3 34. Qc4 Qb4 35. Qc2 Rg8 36. Rfd1 Rc8 37. Rd7 Rxf3 38. gxf3 Ne5 39. Rxb7+ Qxb7 40. Qb1 Nc4 41. Qf1 Ne3 42. Qf2 Nc2 43. Rd1 Bc5 0-1